000 00537nam a2200193Ia 4500
005 20250508151100.0
008 008 250505s9999 xx 000 0 eng d
037 _aTextual
040 _aFEDL
_beng
_cFEDL
041 _aeng
_2eng
084 _a158, MYE
_qFEDL
100 _aMyers C. Roger
_9440930
245 0 _aToward mental health in school
260 _aToronto
_bThe University of Toronto Press
_c1939
300 _a151p.
650 _aApplied Psychology
942 _cTEXL
_h158, MYE
999 _c1327477
_d1327477